[Event "Stay Safe Play From Home 343"]
[Site "Emanuel Lasker Arena"]
[Date "2020.07.30"]
[Round "6"]
[White "Padmaesh M K"]
[Black "SoulofWolf"]
[Result "0-1"]
[WhiteElo "1822"]
[BlackElo "2056"]
[Annotator "TA"]
[PlyCount "68"]
[EventDate "2020.07.30"]
[EventType "swiss (blitz)"]

{[%evp 9,68,4,22,16,28,13,41,30,77,84,88,92,87,66,69,65,119,64,155,44,562,-189,-181,-281,-250,-238,-232,-244,-216,-206,-208,-168,0,0,4,-52,-63,-686,-683,-29991,0,0,0,0,118,-1,1413,1064,1380,1041,947,-29986,-29987,-29989,-29990,-29990,-1870,-29981,-1506,-29962,-29951]} 1. d4 d5 2. Nf3 Nf6 3. c4 e6 4. cxd5 exd5 5. Nc3 h6 6. Bf4 {D35: Queen's Gambit Declined: Exchange Variation.} c6 7. e3 Bg4 {[#]} 8. h3 $146 {White is slightly better.} ({Predecessor:} 8. Be2 Bxf3 9. Bxf3 Bd6 10. Bxd6 Qxd6 11. O-O O-O 12. Qb3 Qc7 13. Rac1 Qb6 14. Qc2 {1-0 (31) Hidalgo Gracia,A (1693)-Olivan Alvira,A (1529) Aragon 2016}) 8... Bh5 9. Bd3 Nbd7 10. g4 Bg6 11. Bxg6 fxg6 12. Qc2 Kf7 (12... g5 $1 $14) 13. Nh4 (13. Ne5+ $16 Nxe5 14. dxe5) 13... Ne4 {[#]} (13... g5 $1 $14 14. Ng6 Rh7) 14. Nxe4 ({White must play} 14. Nxg6 $1 $16 {[%mdl 512]} Kxg6 15. f3 {[%mdl 64] Pin} (15. Nxe4 dxe4 16. Qxe4+ Kf7 $17)) 14... dxe4 $2 {[%mdl 8192]} (14... Bb4+ $14 15. Ke2 Qxh4) 15. Qxe4 $4 {[%mdl 8192]} (15. Qb3+ $18 {and life is good for White.} Kf6 16. O-O) 15... Qxh4 $19 16. Qf3 (16. Qd3 $142 Qe7 17. Qb3+ Qe6 18. Qxb7) 16... Kg8 17. d5 Bb4+ 18. Ke2 Rf8 {And now ...Qf6 would win.} 19. dxc6 bxc6 20. Qxc6 Nf6 $2 ({Better is} 20... Qe7 $19 21. Rhd1 Nb6) 21. Qc4+ {[%mdl 64] Double Attack} Kh7 {...Rc8 is the strong threat.} 22. Qxb4 (22. Bg3 $1 $11 Qg5 23. Qxb4) 22... Nd5 $15 23. Qe4 $2 {[%mdl 8192]} (23. Qd4 $15 Nxf4+ 24. exf4) 23... Nxf4+ $19 24. Kf1 Qf6 $2 (24... Nxh3 {mates} 25. Ke2 Qxf2+ 26. Kd1 Rc8 27. Qd4 Rc2 28. Re1 Rhc8 29. Qd5 Qh2 30. Qg8+ Rxg8 31. Rf1 Qe2#) 25. exf4 $11 Qxb2 26. Kg2 Qb5 (26... Rf6 $11 {keeps the balance.}) 27. f5 (27. Rab1 $16 Qa5 28. Rhd1) 27... Re8 $2 {[%mdl 8192]} (27... gxf5 $11 28. Rab1 Qa5) 28. fxg6+ $18 Kg8 29. Qc2 Qd5+ 30. Qe4 $4 {[%mdl 8192]} (30. f3 $18 Rf8 31. Rhf1) 30... Qxe4+ 31. f3 Qe2+ 32. Kg3 Re3 (32... h5 $142 33. h4 hxg4 34. Raf1 Rf8 $1 {[%mdl 512]} 35. fxg4 Rxf1 36. Rxf1 Qxf1 37. h5 Kf8 38. Kh4 Ke7 39. Kg3 Rf8 40. Kh2 Rf3 41. g5 Rh3#) 33. Rhf1 Qb5 (33... h5 $142 34. Rf2 Qb5 35. h4 Qe5+ {[%mdl 64] Double Attack} 36. Kg2 Qxa1 37. Rc2 Kf8 38. Rf2 hxg4 39. h5 g3 40. Rc2 Rxh5 41. Rc8+ Ke7 42. Rc7+ {[#]} Kd6 $1 {[%mdl 512]} 43. Rd7+ Kxd7 44. Kxg3 Qg1+ 45. Kf4 Qg5#) 34. Rf2 Qe5+ {[%mdl 64] Double Attack. Accuracy: White = 37%, Black = 30%.} 0-1

[Event "Stay Safe Play From Home 343"]
[Site "Emanuel Lasker Arena"]
[Date "2020.07.30"]
[Round "6"]
[White "Edmatuag"]
[Black "Psvidyarthi"]
[Result "1-0"]
[WhiteElo "1713"]
[BlackElo "1577"]
[Annotator "NA RC"]
[PlyCount "79"]
[EventDate "2020.07.30"]
[EventType "swiss (blitz)"]

1. d3 {[%emt 0:00:02]} Nf6 {[%emt 0:00:01]} 2. c3 {[%emt 0:00:00]} e6 {[%emt 0:00:00]} 3. Nd2 {[%emt 0:00:00]} d5 {[%emt 0:00:00]} 4. Qc2 {[%emt 0:00:00]} c5 {[%emt 0:00:00]} 5. g3 {[%emt 0:00:00]} b5 {[%emt 0:00:03]} 6. Bg2 {[%emt 0:00:00]} Bb7 {[%emt 0:00:00]} 7. e4 {[%emt 0:00:00]} Nbd7 {[%emt 0:00:01]} 8. Ne2 {[%emt 0:00:01]} Be7 {[%emt 0:00:02]} 9. O-O {[%emt 0:00:01]} O-O {[%emt 0:00:01]} 10. f4 {[%emt 0:00:01]} dxe4 {[%emt 0:00:02]} 11. Nxe4 {[%emt 0:00:02]} Nxe4 {[%emt 0:00:01]} 12. dxe4 {[%emt 0:00:01]} Rb8 {[%emt 0:00:01]} 13. g4 {[%emt 0:00:02]} a5 {[%emt 0:00:02]} 14. Be3 {[%emt 0:00:02]} b4 {[%emt 0:00:01]} 15. Ng3 {[%emt 0:00:01]} c4 {[%emt 0:00:02]} 16. f5 {[%emt 0:00:02]} e5 {[%emt 0:00:02]} 17. Rad1 {[%emt 0:00:06]} Qc7 {[%emt 0:00:03]} 18. g5 {[%emt 0:00:01]} f6 {[%emt 0:00:02]} 19. Qe2 {[%emt 0:00:02]} Kh8 {[%emt 0:00:02]} 20. Qh5 {[%emt 0:00:01]} fxg5 {[%emt 0:00:03]} 21. Bxg5 {[%emt 0:00:02]} Bxg5 {[%emt 0:00:01]} 22. Qxg5 {[%emt 0:00:01]} Nf6 {[%emt 0:00:02]} 23. Nh5 {[%emt 0:00:01]} Qf7 {[%emt 0:00:08]} 24. Nxf6 {[%emt 0:00:02]} Qxf6 {[%emt 0:00:02]} 25. Qxf6 {[%emt 0:00:01]} gxf6 {[%emt 0:00:01]} 26. Rd7 {[%emt 0:00:00]} Rg8 {[%emt 0:00:02]} 27. Kf2 {[%emt 0:00:03]} Ba6 {[%emt 0:00:03]} 28. Rfd1 {[%emt 0:00:04]} Rg7 {[%emt 0:00:02]} 29. Rd8+ {[%emt 0:00:02]} Rg8 {[%emt 0:00:00]} 30. Rxg8+ {[%emt 0:00:01]} Kxg8 {[%emt 0:00:04]} 31. Rd6 {[%emt 0:00:00]} Kg7 {[%emt 0:00:00]} 32. Rxa6 {[%emt 0:00:01]} Kh6 {[%emt 0:00:00]} 33. Ra7 {[%emt 0:00:00]} Kg5 {[%emt 0:00:01]} 34. Ke3 {[%emt 0:00:01]} Rb6 {[%emt 0:00:02]} 35. Bf1 {[%emt 0:00:01]} h6 {[%emt 0:00:00]} 36. Bxc4 {[%emt 0:00:01]} bxc3 {[%emt 0:00:02]} 37. b3 {[%emt 0:00:02]} Rb7 {[%emt 0:00:01]} 38. Rxb7 {[%emt 0:00:01]} c2 {[%emt 0:00:00]} 39. Kd2 {[%emt 0:00:02]} c1=Q+ {[%emt 0:00:00]} 40. Kxc1 {[%emt 0:00:01] TimeB} 1-0

[Event "Stay Safe Play From Home 343"]
[Site "Emanuel Lasker Arena"]
[Date "2020.07.30"]
[Round "6"]
[White "Klasman"]
[Black "Mamba2001de"]
[Result "0-1"]
[WhiteElo "1308"]
[BlackElo "1506"]
[Annotator "NA"]
[PlyCount "52"]
[EventDate "2020.07.30"]
[EventType "swiss (blitz)"]

1. f4 {[%emt 0:00:02]} e6 {[%emt 0:00:01]} 2. c4 {[%emt 0:00:02]} d5 {[%emt 0:00:03]} 3. cxd5 {[%emt 0:00:01]} exd5 {[%emt 0:00:01]} 4. d4 {[%emt 0:00:01]} Nf6 {[%emt 0:00:01]} 5. Nf3 {[%emt 0:00:01]} Ne4 {[%emt 0:00:01]} 6. Nc3 {[%emt 0:00:03]} c6 {[%emt 0:00:01]} 7. e3 {[%emt 0:00:02]} Nd7 {[%emt 0:00:02]} 8. Bd3 {[%emt 0:00:01]} Ndf6 {[%emt 0:00:01]} 9. O-O {[%emt 0:00:03]} Bg4 {[%emt 0:00:01]} 10. h3 {[%emt 0:00:02]} Bxf3 {[%emt 0:00:01]} 11. Qxf3 {[%emt 0:00:02]} Bb4 {[%emt 0:00:01]} 12. Bxe4 {[%emt 0:00:04]} Bxc3 {[%emt 0:00:02]} 13. Bxd5 {[%emt 0:00:07]} Nxd5 {[%emt 0:00:02]} 14. bxc3 {[%emt 0:00:02]} Nxc3 {[%emt 0:00:01]} 15. Bb2 {[%emt 0:00:02]} Nd5 {[%emt 0:00:01]} 16. Qe4+ {[%emt 0:00:01]} Qe7 {[%emt 0:00:01]} 17. Qd3 {[%emt 0:00:05]} Qxe3+ {[%emt 0:00:02]} 18. Qxe3+ {[%emt 0:00:04]} Nxe3 {[%emt 0:00:01]} 19. Rfe1 {[%emt 0:00:01]} Kd7 {[%emt 0:00:01]} 20. Rxe3 {[%emt 0:00:01]} Rae8 {[%emt 0:00:00]} 21. Rae1 {[%emt 0:00:01]} Rxe3 {[%emt 0:00:01]} 22. Rxe3 {[%emt 0:00:01]} Kd6 {[%emt 0:00:00]} 23. Re5 {[%emt 0:00:02]} Rc8 {[%emt 0:00:03]} 24. f5 {[%emt 0:00:01]} c5 {[%emt 0:00:01]} 25. Ba3 {[%emt 0:00:02]} b6 {[%emt 0:00:02]} 26. dxc5+ {[%emt 0:00:03]} bxc5 {[%emt 0:00:01] Time (Lag: Av=0.36s, max=0.4s)} 0-1

[Event "Stay Safe Play From Home 343"]
[Site "Emanuel Lasker Arena"]
[Date "2020.07.30"]
[Round "7"]
[White "Little champs"]
[Black "Stefanone"]
[Result "0-1"]
[WhiteElo "2249"]
[BlackElo "2055"]
[Annotator "TA"]
[PlyCount "106"]
[EventDate "2020.07.30"]
[EventType "swiss (blitz)"]

{[%evp 12,106,25,13,39,43,45,39,47,0,37,48,54,30,96,14,15,17,20,-20,16,15,23,0,-6,-39,-41,-34,-34,-242,-126,-143,140,-228,-191,-187,-193,-159,-189,-219,-191,-377,-385,-379,-366,-350,-42,-314,-222,-316,-303,-284,-260,-277,-247,-356,-172,-209,-41,-212,-46,-324,-200,-205,-134,-122,-57,-105,283,16,179,56,204,204,202,163,145,105,174,79,2127,41,2109,2065,29983,2096,29988,106,113,38,29984,29985,29987,29986,29993,29990,29994]} 1. d4 d5 2. e3 c6 3. Nf3 e6 4. Be2 f5 5. O-O Nf6 6. c4 Bd6 7. Nc3 Qe7 {A85: Dutch Defence: 2 c4 Nf6 3 Nc3.} 8. Ne5 O-O 9. f4 Ne4 {[#] White is slightly better.} 10. Rf3 $146 ({Predecessor:} 10. Nxe4 fxe4 11. Bd2 Nd7 12. Rc1 a5 13. Be1 Nxe5 14. fxe5 Rxf1+ 15. Bxf1 Bc7 16. Qg4 {1-0 (43) Kurbonboeva,S (2212)-Pujari,R (2113) Pune 2014}) 10... Nxc3 11. bxc3 Nd7 12. Rh3 Bxe5 (12... Nf6 $11 {keeps the balance.}) 13. dxe5 (13. fxe5 $16 b6 14. cxd5 cxd5 15. a4) 13... Nc5 $11 14. Ba3 b6 15. g4 g6 16. gxf5 Rxf5 17. Bg4 Rf7 18. Qf3 Ba6 19. cxd5 cxd5 20. Kh1 $2 (20. Rg3 $15) 20... Bd3 (20... h5 $19 21. Bxh5 gxh5 22. Bxc5 bxc5 23. Rg1+ (23. Qxh5 $2 Rh7 $19) 23... Kh8 24. Rxh5+ Rh7 25. Rxh7+ Qxh7) 21. Qg3 Qc7 $2 {[%mdl 8192]} (21... Rc8 $17 {Strongly threatening ...Ne4.} 22. Kg1 Qd7 23. Bxc5 Rxc5) 22. Bf3 $2 {[%mdl 8192]} (22. Bxc5 $1 $16 bxc5 23. Bxe6 {[%mdl 64] Double Attack}) 22... Ne4 23. Qe1 Qxc3 24. Qxc3 Nxc3 25. Bd6 Ne4 26. Rc1 $2 (26. Bxe4 {is a better defense.} Bxe4+ 27. Kg1) 26... Nf2+ $19 {[%mdl 64] Double Attack} 27. Kg2 Nxh3 28. Kxh3 {[#]} Raf8 $2 ({Black should try} 28... g5 $1 $19 29. Bg4 (29. fxg5 Rxf3+) 29... Bf5 30. fxg5 Bxg4+ 31. Kxg4 Kg7) 29. Kg4 $2 {[%mdl 8192]} ({White has to play} 29. Bxf8 $15 Kxf8 30. Rc8+ Kg7 31. Kg3) 29... Bf5+ 30. Kg3 (30. Kg5 $142 Rd8 31. Kh6) 30... Rd8 31. h4 Rfd7 32. Rc6 Kf7 33. h5 (33. Be2 {might work better.}) 33... a6 (33... gxh5 $142 34. Bxh5+ Kg7) 34. Rxb6 Rc8 $2 (34... gxh5 $19 35. Bxh5+ Kg7) 35. Rxa6 $2 (35. h6 $1 $15) 35... Rb7 $2 ({Better is} 35... gxh5 $19 {And now ...Rg8+ would win.} 36. Kh4 Kg7 37. Bxh5 Rc3) 36. hxg6+ $2 {[%mdl 8192]} (36. h6 $1 $15) 36... hxg6 37. Ra3 Rd7 38. Rb3 Rcd8 (38... Ra7 $17 39. Rb2 g5 $1 {[%mdl 512]} 40. Bh5+ Kg8 41. fxg5 Rg7) 39. Rb6 d4 $2 {[%mdl 8192]} (39... Ra8 $17 {and life is bright.} 40. Rb2 g5 $1 {[%mdl 512]}) 40. exd4 $2 (40. e4 $18) 40... Bd3 $2 {[#]} (40... Rh8 $11 {and Black stays safe.}) 41. d5 (41. Bc5 $1 $18) 41... exd5 (41... Bc4 $14) 42. Bxd5+ $18 Kg7 43. Kf3 Bf5 44. Ke3 Rc8 (44... Ra7 $16 {keeps fighting.} 45. e6 Re8) 45. Kd4 (45. e6 $18 Rdd8 46. e7 Rxd6 47. Rxd6) 45... Rc3 $2 {[%mdl 8192]} (45... Rc1 $16) 46. Rc6 $2 (46. Kxc3 $18 Rd8 47. e6) 46... Rd8 $2 {[%mdl 8192]} (46... Rxc6 $14 47. Bxc6 Ra7) 47. Kxc3 Rc8 48. Kd4 (48. Rxc8 $142 Bxc8 49. a4 Kh6 50. a5 Kh7 51. e6 g5 52. e7 Bd7 53. a6) 48... Rb8 49. Rb6 $2 (49. Bxb8 {mates} Kh6 50. e6 Kh5 51. a4 g5 52. e7 Bd7 53. Bf7+ Kh4 54. e8=Q) 49... Rxb6 $16 50. Bc5 (50. Kc5 $16 Rb1 51. Kc6) 50... Rb4+ $2 {[%mdl 8192]} (50... Ra6 $14) 51. Bxb4 {White mates.} Bg4 52. e6 Bf3 53. Ke5 g5 {[%mdl 32768] Accuracy: White = 21%, Black = 22%. . Loss on time!?} 0-1

[Event "Stay Safe Play From Home 343"]
[Site "Emanuel Lasker Arena"]
[Date "2020.07.30"]
[Round "7"]
[White "Brinki"]
[Black "NTBT_DHS"]
[Result "0-1"]
[WhiteElo "2128"]
[BlackElo "2602"]
[Annotator "TA"]
[PlyCount "58"]
[EventDate "2020.07.30"]
[EventType "swiss (blitz)"]

{[%evp 13,58,31,51,-14,0,-31,-29,-276,-270,-216,-162,-287,-291,-268,-200,-270,-219,-199,-189,-210,-179,-198,-75,-401,-44,-265,-270,-588,-497,-638,-204,-29959,-5393,-5385,-506,-498,-473,-456,-439,-29991,-29992,-29992,-29984,-29986,-29986,-29985,-29986]} 1. e4 g6 2. d4 Bg7 3. Nc3 d6 4. Be3 Nf6 5. Qd2 O-O 6. f3 c6 7. O-O-O b5 8. a3 {B07: Pirc Defence: Miscellaneous Systems.} (8. h4 $14) 8... a5 {[%cal Ba7a5,Ba5b4][%mdl 32]} 9. g4 b4 {[#]} 10. axb4 $146 (10. Nb1 $1 $11 {and White stays safe.}) ({Predecessor:} 10. Nb1 bxa3 11. Nxa3 Ba6 12. h4 Bxf1 13. Rxf1 e5 14. Bh6 Nbd7 15. Bxg7 Kxg7 16. h5 {1-0 (45) Silari,A (1719)-Invernizzi,F (1598) Milan 2014}) 10... axb4 $19 11. Nb1 Ba6 12. h4 (12. Bxa6 $142 Nxa6 13. Ne2) 12... Bxf1 13. Rxf1 {[#]} c5 $1 {[%mdl 512]} 14. Ne2 (14. dxc5 Ra1) 14... Nc6 15. h5 Ra1 {White must now prevent ...Qa8.} 16. hxg6 fxg6 ({Not} 16... hxg6 17. Bh6 $16) 17. dxc5 {Threatening g5.} Ne5 (17... Qa5 $19 {has better winning chances.} 18. Qd3 Qa2 19. Qb3+ Qxb3 20. cxb3 Nd7 21. cxd6 exd6) 18. cxd6 $2 {[%mdl 8192]} (18. Qxb4 $17 Qa8 19. Nec3 (19. cxd6 Rb8 $17)) 18... exd6 $2 (18... Qa5 $1 $19 19. Qd4 (19. dxe7 $2 Ra8 $19) 19... exd6) 19. Nd4 $2 ({White should try} 19. Qxb4 $15 Qc7 20. Bb6 Nd3+ {[%mdl 64] Double Attack} 21. Kd2 Qxc2+ 22. Kxc2 Nxb4+ 23. Kd2) 19... Nc4 20. Qe2 $2 (20. Qxb4 {is tougher.} Nxe3 21. Re1 Nfxg4 22. Nb3) 20... Qc7 21. Nb3 {[#]} Nxe4 $2 (21... Nxg4 $1 {[%mdl 512]} 22. Bd4 (22. fxg4 Bxb2+) 22... Bxd4 $1 {[%mdl 512]} 23. Nxd4 Nge3) 22. fxe4 $2 (22. Nxa1 $19 Bxb2+ 23. Kd1) 22... Bxb2+ (22... Rxf1+ $142 23. Qxf1 Bxb2+ 24. Kd1 Nxe3+ {[%mdl 64] Discovered Attack} 25. Kd2 Nxf1+ 26. Rxf1 {[#]} Qc4 $1 {[%mdl 512]} 27. Re1 Bc3+ {[%mdl 64] Skewer} 28. Ke3 Bxe1 {[%mdl 64] Discovered Attack} 29. Nxa1 Bh4 30. Kf3 Qf1+ {[%mdl 64] Double Attack} 31. Ke3 Qxb1 32. Kd4 Qxa1+ 33. Kd5 Qe5+ 34. Kc6 Qc5+ {[%mdl 64] Double Attack} 35. Kd7 Bg5 36. e5 dxe5 37. Ke6 e4 38. c4 Bf4 39. Kd7 Kf7 40. Kd8 Qc7#) 23. Kd1 Nxe3+ (23... Rxb1+ $142 24. Nc1 Rxf1+ 25. Rxf1 Bxc1 26. Bxc1 Nb2+ 27. Ke1 Rxc1+ {[%mdl 64] Double Attack} 28. Kf2 Rxc2 29. Qxc2 Qxc2+ 30. Kg3 Qxe4) 24. Qxe3 Rxb1+ 25. Ke2 {Hoping for Rxf8+.} Qxc2+ 26. Qd2 (26. Nd2 $19 Rfxf1 27. Rxf1 Rxf1 28. Kxf1) 26... Qxe4+ {[%mdl 64] Double Attack. Black mates.} 27. Qe3 Qg2+ 28. Rf2 Rxf2+ 29. Qxf2 Qxh1 {Accuracy: White = 19%, Black = 48%.} 0-1

[Event "Stay Safe Play From Home 343"]
[Site "Emanuel Lasker Arena"]
[Date "2020.07.30"]
[Round "7"]
[White "SoulofWolf"]
[Black "AChessPlayer"]
[Result "0-1"]
[WhiteElo "2063"]
[BlackElo "2414"]
[Annotator "TA"]
[PlyCount "78"]
[EventDate "2020.07.30"]
[EventType "swiss (blitz)"]

{[%evp 9,78,-9,-9,-26,10,12,14,10,9,-13,17,0,0,-65,0,-44,-12,-14,12,0,35,33,35,35,47,35,52,47,78,64,90,5,79,40,303,39,158,63,61,65,90,87,90,87,121,38,33,24,14,0,41,-1,208,61,67,51,187,-1462,-1443,-1425,-1363,-5493,-1685,-29988,-29989,-29997,-29996,-29996,-29995,-29997,-29996]} 1. e4 c6 2. Nc3 d5 3. exd5 cxd5 4. Nf3 Nc6 5. d4 Bg4 6. Be2 {B13: Caro-Kann: Exchange Variation and Panov-Botvinnik Attack.} Bxf3 7. Bxf3 Nf6 8. O-O {The position is equal.} e6 9. Re1 Be7 10. Bg5 O-O 11. a3 {[#]} (11. Ne2 $11) 11... a6 $146 (11... Qb6 $15) ({Predecessor:} 11... Qb6 12. Be3 Qxb2 13. Na4 Qb5 14. c3 Qa5 15. Be2 Ne4 16. Qc2 b5 17. f3 Nf6 {½-½ (61) Mazza,M (1658)-Gulinelli,E (1658) Donoratico 2011}) 12. b4 Rc8 13. Na4 Nd7 14. Bf4 b5 15. Nc5 Nxc5 16. bxc5 Bf6 17. c3 Qa5 18. Qd3 Qa4 19. g4 g6 20. h4 (20. g5 $16 Bd8 21. Bd1) 20... Bxh4 (20... e5 $11) 21. g5 h6 $2 {[%mdl 8192] [#]} (21... Qa5 $1 $14) 22. gxh6 $2 (22. Rxe6 $1 $18 {[%mdl 512]} Kh7 (22... fxe6 23. Qxg6+) 23. Re2 Bxg5 24. Bxg5 hxg5 25. Bxd5) 22... Bf6 ({Black should try} 22... Kh7 $14) 23. Kg2 (23. Bd6 $16) 23... Kh7 $14 24. Qe3 Ne7 25. Bd1 Qa5 {aiming for ...Nf5.} 26. Bc2 Rg8 {[#]} 27. Kf1 (27. a4 $1 $16) 27... Nf5 28. Qh3 Qd8 $1 29. Ke2 Qe7 30. Kd2 {[#]} (30. Bxf5 {keeps more tension.} exf5+ 31. Kd2 Qd7 32. Qg2 Rce8 33. Bg5) 30... Rxc5 $2 (30... Nxd4 $1 $11 {[%mdl 512]} 31. Bd6 (31. cxd4 Bxd4) 31... Qa7 32. cxd4 Bxd4 {[%mdl 64] Double Attack}) 31. dxc5 ({Only move:} 31. Bxf5 $1 $18 Rc6 32. Bd3) 31... Qxc5 32. Bxf5 {Qe3 is the strong threat.} gxf5 (32... Qxf2+ $14 33. Kd1 gxf5) 33. Qd3 $4 {[%mdl 8192]} (33. Be5 $18 Bxe5 34. Rxe5 Qxf2+ 35. Re2) 33... Qxf2+ $19 {[%mdl 64] Double Attack} 34. Re2 Qxf4+ {[%mdl 64] Double Attack} 35. Kc2 Rc8 (35... Rg3 $142 36. Rd2 Rxd3 37. Rxd3 Qa4+ 38. Kb2 d4 39. cxd4 Bxd4+ 40. Kb1 Bxa1 41. Kxa1 Kxh6) 36. c4 Rxc4+ {Black mates.} 37. Kb1 Qf1+ 38. Ka2 Qxa1+ 39. Kb3 Rc3+ {Never resign too early! Accuracy: White = 41%, Black = 35%.} 0-1

[Event "Stay Safe Play From Home 343"]
[Site "Emanuel Lasker Arena"]
[Date "2020.07.30"]
[Round "7"]
[White "Oznog"]
[Black "TheCHESSHOUSE"]
[Result "0-1"]
[WhiteElo "1776"]
[BlackElo "2144"]
[Annotator "TA"]
[PlyCount "66"]
[EventDate "2020.07.30"]
[EventType "swiss (blitz)"]

{[%evp 9,66,38,66,56,65,53,52,20,56,35,40,32,56,-32,58,30,33,-50,11,1,33,38,14,-410,-384,-377,-116,-29991,-257,-409,-174,-151,-123,-155,-132,-136,-120,-137,0,-76,-71,-362,-307,-455,-379,-441,-382,-458,-302,-750,-750,-735,-666,-771,-689,-1658,-1639,-5589,-5357]} 1. e4 g6 2. Nf3 Bg7 3. d4 a6 4. c4 d6 5. Be3 Nd7 6. Nc3 {B06: Modern Defence.} b6 7. Qd2 Bb7 {[#]} 8. h4 $146 {White is slightly better.} ({Predecessor:} 8. Bd3 e6 9. O-O Ne7 10. Rad1 O-O 11. Bh6 f6 12. b4 e5 13. c5 b5 14. cxd6 cxd6 15. dxe5 dxe5 16. Bxg7 Kxg7 17. Bxb5 axb5 18. Qxd7 {0-1 (32) Mirza,F (1969)-Faranka,K Beirut 2007}) 8... h5 9. Bd3 Ngf6 10. d5 Ng4 11. Bc2 (11. Bg5 $14) 11... a5 (11... Nxe3 $15 12. Qxe3 O-O) 12. Bf4 Nc5 13. O-O-O ({White should try} 13. Ng5 $14) 13... Qd7 (13... Ba6 $15) 14. Ng5 $11 a4 15. f3 Ne5 16. Kb1 $2 {[%mdl 8192]} (16. Bxe5 $1 $11 {and White stays safe.} Bxe5 17. Kb1) 16... Nxc4 $19 17. Qe2 {[#]} Bxc3 $2 (17... Nxb2 $1 $19 {[%mdl 512]} 18. Kxb2 a3+ 19. Kb1 Bxc3) 18. bxc3 $2 {[%mdl 8192]} (18. Qxc4 $17 Bf6 19. a3) 18... Na3+ $2 (18... Qb5+ {mates} 19. Bb3 axb3 20. Qxc4 Qxc4 21. Ne6 Qxc3 22. Nxc7+ {[#]} Kd7 $1 {[%mdl 512]} 23. Rd2 bxa2+ 24. Rxa2 Rxa2 25. Kxa2 Qc2+ {[%mdl 64] Double Attack} 26. Ka3 Qb3#) 19. Ka1 (19. Kb2 {might work better.} Ba6 20. Qf2 Nxc2 21. Kxc2) 19... Nxc2+ (19... Ba6 $142 20. Qf2 Bc4) 20. Qxc2 a3 21. Rb1 Qa4 22. Qd2 Qc4 23. Be3 Na4 (23... Qd3 $17 24. Qxd3 Nxd3) 24. Rb3 (24. Bd4 $11 {remains equal.} Rf8 25. Rb4) 24... Nb2 $17 25. e5 $2 {[%mdl 8192]} (25. Bd4 $17 {was called for.} Rf8 26. Nh3) 25... Bxd5 26. Ne4 (26. exd6 $142 cxd6 27. Ne4) 26... Bxe4 27. fxe4 Qxe4 28. Re1 Qd3 29. Rxb2 $2 (29. exd6 exd6 30. Rxa3 (30. Bd4+ $2 Kd7 $19) 30... Rxa3 31. Qxb2) 29... axb2+ $19 {Black is clearly winning.} 30. Qxb2 O-O 31. Bh6 Rfe8 32. exd6 exd6 33. Rc1 Re2 {Accuracy: White = 21%, Black = 41%.} 0-1

[Event "Stay Safe Play From Home 343"]
[Site "Emanuel Lasker Arena"]
[Date "2020.07.30"]
[Round "7"]
[White "Edmatuag"]
[Black "Buzaglo"]
[Result "0-1"]
[WhiteElo "1723"]
[BlackElo "1846"]
[Annotator "NA RC"]
[PlyCount "72"]
[EventDate "2020.07.30"]
[EventType "swiss (blitz)"]

1. d3 {[%emt 0:00:01]} e6 {[%emt 0:00:00]} 2. c3 {[%emt 0:00:00]} d5 {[%emt 0:00:00]} 3. Nd2 {[%emt 0:00:01]} Nf6 {[%emt 0:00:00]} 4. Qc2 {[%emt 0:00:00]} Be7 {[%emt 0:00:00]} 5. g3 {[%emt 0:00:00]} c5 {[%emt 0:00:00]} 6. Bg2 {[%emt 0:00:00]} d4 {[%emt 0:00:00]} 7. c4 {[%emt 0:00:02]} O-O {[%emt 0:00:03]} 8. Ngf3 {[%emt 0:00:01]} Nc6 {[%emt 0:00:02]} 9. O-O {[%emt 0:00:01]} Bd7 {[%emt 0:00:04]} 10. a3 {[%emt 0:00:01]} Rc8 {[%emt 0:00:00]} 11. Rb1 {[%emt 0:00:02]} Re8 {[%emt 0:00:00]} 12. b4 {[%emt 0:00:01]} b6 {[%emt 0:00:00]} 13. b5 {[%emt 0:00:01]} Nb8 {[%emt 0:00:01]} 14. Re1 {[%emt 0:00:03]} Bf8 {[%emt 0:00:00]} 15. Nf1 {[%emt 0:00:01]} a6 {[%emt 0:00:01]} 16. a4 {[%emt 0:00:03]} axb5 {[%emt 0:00:01]} 17. axb5 {[%emt 0:00:00]} e5 {[%emt 0:00:01]} 18. Bg5 {[%emt 0:00:01]} Bg4 {[%emt 0:00:01]} 19. e3 {[%emt 0:00:02]} h6 {[%emt 0:00:04]} 20. exd4 {[%emt 0:00:02]} hxg5 {[%emt 0:00:02]} 21. Nxg5 {[%emt 0:00:02]} exd4 {[%emt 0:00:03]} 22. Ne4 {[%emt 0:00:02]} Nxe4 {[%emt 0:00:01]} 23. Bxe4 {[%emt 0:00:01]} Bd6 {[%emt 0:00:03]} 24. Qd2 {[%emt 0:00:01]} Bh3 {[%emt 0:00:02]} 25. Qe2 {[%emt 0:00:04]} Bxf1 {[%emt 0:00:01]} 26. Kxf1 {[%emt 0:00:02]} Qf6 {[%emt 0:00:01]} 27. Qh5 {[%emt 0:00:01]} g6 {[%emt 0:00:02]} 28. Qh6 {[%emt 0:00:01]} Qg7 {[%emt 0:00:01]} 29. Qxg7+ {[%emt 0:00:01]} Kxg7 {[%emt 0:00:00]} 30. Bd5 {[%emt 0:00:01]} Rxe1+ {[%emt 0:00:02]} 31. Rxe1 {[%emt 0:00:02]} Nd7 {[%emt 0:00:01]} 32. Re4 {[%emt 0:00:01]} Nf6 {[%emt 0:00:01]} 33. Rf4 {[%emt 0:00:01]} Nxd5 {[%emt 0:00:01]} 34. cxd5 {[%emt 0:00:01]} Bxf4 {[%emt 0:00:00]} 35. gxf4 {[%emt 0:00:02]} Ra8 {[%emt 0:00:00]} 36. Ke2 {[%emt 0:00:01]} Rd8 {[%emt 0:00:01] Edmatuag resigns (Lag: Av=0.56s, max=0.8s)} 0-1